[Event "Bundesliga 0304"]
[Site "Germany"]
[Date "2004.03.27"]
[Round "12.5"]
[White "Gurevich, Mikhail"]
[Black "Schmaltz, Roland"]
[Result "0-1"]
[WhiteElo "2656"]
[BlackElo "2519"]
[Annotator "Stohl,I"]
[PlyCount "112"]
[EventDate "2003.11.01"]
[EventType "team-tourn"]
[EventRounds "15"]
[EventCountry "GER"]
[SourceTitle "CBM 100"]
[Source "ChessBase"]
[SourceDate "2004.06.01"]
[SourceVersion "1"]
[SourceVersionDate "2004.06.01"]
[SourceQuality "1"]
[WhiteTeam "Porz"]
[BlackTeam "Baden Oos"]
[WhiteTeamCountry "GER"]
[BlackTeamCountry "GER"]

1. c4 Nf6 2. Nc3 c5 3. g3 e6 4. Nf3 b6 5. Bg2 Bb7 6. O-O Be7 7. Re1 d6 8. e4 a6
9. d4 cxd4 10. Nxd4 Qc7 11. Be3 O-O 12. Rc1 Re8 ({Black makes a useful
Hedgehog move, but the most usual continuation in this position is} 12... Nbd7
13. f4 Rac8 (13... Rfe8 $142 $13) 14. g4 Nc5 15. Bf2 g6 16. f5 exf5 17. exf5
Bxg2 18. Kxg2 Qb7+ 19. Qf3 Qxf3+ 20. Kxf3 Nd3 21. Rxe7 Nxc1 22. Bh4 Ne8 23. b3
$44 {Sargissian,G-Pantsulaia,L/Moscow Aeroflot/2004/}) 13. g4 $5 {White
doesn't want to allow Black a transposition back into the more frequently
played lines with} (13. f4 Nbd7 {-12...Nbd7} (13... Bf8 {is also possible and
can transpose into the game with} 14. g4 (14. f5 $5 h6 15. g4 Nbd7 16. fxe6
fxe6 17. g5 hxg5 18. Bxg5 Nh7 19. Bh4 Ne5 20. Rf1 Bc8 21. Bh3 {Poluljahov,
A-Ulibin,M/RUS-ch/1998/} g6 $1 {[%cal Yf8h6] /\Bh6<=>}) 14... Nfd7 15. g5 Nc6 {
-13.g4!?})) 13... Bf8 {An automatically played move, Black doesn't want to
create extra targets for White on the >>.} ({However} 13... h6 {, although
rarely tried, is not so clear:} 14. f4 Nh7 $1 15. Qd2 (15. Nf3 $5 {[%cal Yh2h4]
/\h4|^>>}) 15... Nd7 16. b4 $6 {[%csl Rc4] ><c4 White overreaches, in this
line he as a rule shouldn't combine play on both flanks, as it exposes his
position.} Rac8 17. Nb3 Qb8 18. g5 $2 hxg5 19. f5 Rxc4 20. fxe6 fxe6 21. Bh3
Bf6 22. Nd5 Ne5 23. Nxf6+ Nxf6 24. Rf1 g4 $19 {Sambuev,B-Dragomarezkij,E/
Moscow/1999/}) 14. g5 Nfd7 15. f4 ({Earlier Gurevich himself introduced into
practice the more restrained} 15. b3 Nc6 16. Ncb5 $5 (16. Nxc6 Bxc6 17. f4 Rac8
18. Bf2 Qb8 19. a4 $6 b5 $1 20. cxb5 axb5 21. a5 b4 22. Na2 Nc5 23. Rc4 Bb5 24.
Rxb4 Nd3 25. Rd4 Nxf2 26. Kxf2 Qa7 $40 {[%csl Rf2] עf2,Szuhanek,R-Cosma,I/
ROM-chT Sovata/2000/}) (16. Nde2 Nc5 17. Ng3 Rad8 18. Bf1 Qb8 19. Qe2 Qa8 20.
Bg2 Rc8 21. Red1 Red8 22. h4 g6 23. f4 Bg7 24. h5 Qb8 25. hxg6 hxg6 $13 26. f5
$6 d5 $1 $36 {Namgilov,S-Ulibin,M/RUS-ch Elista/1996/}) 16... Qb8 17. Nxc6 Bxc6
18. Nd4 Bb7 19. h4 (19. b4 $143 {This is not ideal, see the note to Black's
move 13} Qc7 20. Qe2 Rac8 21. Nb3 a5 22. a3 Ba6 23. b5 Bb7 24. a4 g6 25. f4 Bg7
26. Red1 Rcd8 27. Qd2 Nc5 28. Nxc5 dxc5 $11 {Janssen,R-Brodsky,M/Wijk aan Zee/
1999/}) 19... g6 20. Qd2 Ne5 21. Qe2 Nc6 (21... Qc7 $142 $14 {[%cal Ya8c8,
Yc7a8] /<=>/\Rac8,Qb8-a8}) 22. Red1 Bg7 23. Qd2 Rd8 24. Ne2 $1 b5 25. cxb5 axb5
26. Nc3 Ba6 27. Nd5 $1 exd5 28. Rxc6 $16 {Gurevich,M-Cummings,D/BCF-chT 9798/
1998/}) 15... Nc6 16. Nf3 {Avoiding exchanges to keep the tension.} ({Another
way to do this is} 16. Nde2 {In the game White has active intentions with his
Nf3, on the other hand from the relatively modest g3-square it gives e4 extra
protection.} Rac8 {Black should try to follow the more active set-up from the
games Namgilov-Ulibin and Lobron-Granda:} (16... Nc5 $5 $132 {[%cal Ya8d8,
Yg7g6,Yf8g7] /\Rad8,g6,Bg7}) 17. Ng3 (17. b3 Qb8 18. Ng3 Nc5 19. Bf1 Rcd8 $1
20. Rc2 g6 $1 21. f5 $6 Ne5 22. Rf2 Qa8 23. fxe6 fxe6 24. b4 Ncd7 25. Nb1 d5 $1
$17 {Lobron,E-Granda Zuniga,J/Wijk aan Zee-B/2004/}) 17... Qb8 18. h4 Ba8 $6 {
This is definitely too passive.} (18... g6 $142 $5 $13) 19. Qe2 Na7 20. h5 g6
21. h6 b5 22. cxb5 Nxb5 23. Nxb5 axb5 24. Qd2 $36 {Smirin,I-Poluljahov,A/
Aeroflot Moscow/2002/}) (16. f5 $143 Nxd4 17. Qxd4 Rac8 18. b3 Qb8 19. Qd2 Bc6
20. Bd4 b5 21. cxb5 axb5 22. f6 $6 g6 23. h4 h5 $1 24. gxh6 Kh7 25. Rf1 Bxh6
26. Be3 Qb6 $17 {Lopushnoy,D-Poluljahov,A/RUS-chT Orel/1997/}) 16... Rac8 17.
h4 Qb8 $146 {[%mdl 8] Once again just as on move 12 Black makes a typical and
useful move.} (17... Nc5 18. a3 Nb8 $6 (18... Qb8 $142 $5) 19. Bf2 d5 20. exd5
Qxf4 21. b4 Ncd7 22. Re4 Qc7 23. Qe2 $36 {Cyborowski,L-Goj,A/Polanica Zdroj op/
2001/}) 18. b3 $6 {This doesn't stop Black's <=>, so probably it was better to
play immediately} (18. h5 $5 Ne7 $13 (18... b5 19. cxb5 axb5 20. Nxb5 Ba6 21.
Nbd4 $16) (18... Nc5 19. g6 fxg6 20. hxg6 hxg6 21. Nh4 $44)) 18... Nc5 19. h5 {
[%mdl 512] White is in a do-or die mood and sacrifices material.} (19. Qd2 Nb4
20. Rcd1 (20. Re2 b5 $5 {/\} 21. cxb5 $6 Nxe4 22. Nxe4 Rxc1+ 23. Qxc1 Bxe4 $36)
20... d5 21. exd5 exd5 22. cxd5 Nbd3 23. Re2 Bd6 $44) 19... Nb4 {[%cal Rc5e4,
Rb4d3] /\Ne4,Nbd3} 20. g6 $1 {Although his idea is hardly fully correct, White
can't hesitate anymore.} (20. Bxc5 dxc5 $17 {[%csl Rf4][%cal Rc8d8] ><f4,/
\Rcd8 spells positional bankruptcy.}) 20... Nbd3 (20... fxg6 21. hxg6 hxg6 ({
Safer is} 21... h6 $5 22. Ng5 Nbd3 {-20...Nbd3}) 22. Ng5 $1 {[%cal Rd1g4,Rg4h4]
/\Qg4-h4} Nbd3 23. Qg4 Be7 24. Nxe6 $44) (20... h6 $6 21. gxf7+ Kxf7 22. Rf1
$14 {/\} Nxe4 $2 23. Nxe4 Bxe4 24. Ng5+ hxg5 25. Bxe4 $40) 21. Ng5 (21. Bxc5 $6
Nxe1 $17) (21. gxf7+ Kxf7 22. Ng5+ Kg8 23. Qg4 Qc7 $5 $17) 21... fxg6 22. hxg6
h6 $1 23. Rf1 Nxc1 (23... hxg5 $4 24. Qh5 $18) 24. Bxc1 Rc7 $6 {After this
passive move White's -> gets a new impulse.} (24... Be7 $142 $5 {/\} 25. Bh3
Bf6 $17) (24... b5 $5 {was also good, Black's Q may later join the defence
with tempo via a7.}) 25. Bh3 Rce7 26. f5 $1 (26. b4 Nd7 27. Nf7 Nf6 $1 $15 {/\}
28. Nxd6 Rd7 $1 29. Nxe8 Qxe8 $17 (29... Rxd1 $2 30. Nxf6+ gxf6 31. Bxe6+ Kg7
32. Rxd1 $16)) 26... d5 (26... exf5 27. Bxf5 $44 (27. exf5 $2 d5 28. Bf4 Qxf4
$1 29. Rxf4 Re1+ 30. Qxe1 Rxe1+ $19)) 27. Bf4 $8 e5 28. Bc1 d4 (28... dxe4 29.
Nd5 Rd8 30. f6 $44 {->}) 29. Nd5 Bxd5 30. cxd5 $13 Nd7 31. f6 $2 {Too
impatient. White tries to decides the game immediately, but Black's
countersacrifices turn the tide and the defence comes out on top.} (31. Ne6 Nf6
$15) (31. Nh7 $142 $1 Qd6 (31... Nf6 32. Bxh6 $1 Nxh7 (32... Nxe4 $2 33. Bg5
$40) 33. gxh7+ Kh8 34. Bg5 $36) 32. Bxh6 Nf6 (32... gxh6 33. f6 $44 {/\Qh5|^})
33. Bg5 Rc7 34. Bxf6 gxf6 35. Ng5 $1 $13) 31... Nxf6 32. Be6+ Rxe6 $8 (32...
Kh8 33. Nf7+ Rxf7 34. gxf7 {[%cal Rc1h6] /\Bh6->}) 33. Nxe6 Rxe6 $1 {[%mdl 256]
} (33... Nxe4 34. Qf3 Nf6 35. Bxh6 $13) 34. dxe6 Qe8 $17 35. Rxf6 $6 {
Desperation, now White is lost.} (35. Qf3 $142 Qxg6+ 36. Qg2 Qxe4 37. Bxh6 $17)
35... gxf6 36. Qh5 Qxe6 37. Kf1 (37. Bxh6 Bxh6 38. Qxh6 Qg4+ 39. Kh1 (39. Kf2
Qf4+ 40. Qxf4 exf4 41. Kf3 d3 $19) 39... Qxe4+ 40. Kg1 Qe3+ $19) 37... Qd7 38.
Bxh6 Bxh6 39. Qxh6 Qg7 $1 (39... d3 $6 40. g7 $1 (40. Ke1 d2+ $1 41. Kd1 (41.
Qxd2 Qxd2+ 42. Kxd2 Kg7 $19) 41... Qg4+ 42. Kxd2 Qg5+ 43. Qxg5 fxg5 $19) 40...
Qxg7 $8 41. Qh3 d2 42. Qc8+ Kh7 43. Qh3+ Kg8 44. Qc8+ Qf8 45. Qg4+ Kf7 (45...
Qg7 46. Qc8+ Kh7 47. Qh3+ {only repeats moves.}) 46. Qd7+ $15) 40. Qh5 (40. Qh3
Qxg6 41. Qc8+ Kg7 42. Qb7+ Kh6 43. Qxb6 Kg5 $5 $19 (43... Qxe4 44. Qxf6+ Kh5
$19)) 40... Qh8 41. Qg4 Qh1+ 42. Kf2 Qh2+ 43. Kf3 (43. Kf1 $2 Qf4+ $19) 43...
Qh1+ (43... Qf4+ 44. Qxf4 exf4 45. Kxf4 Kg7 46. Kf3 Kxg6 47. Ke2 f5 $1 48. Kd3
f4 49. Kxd4 Kg5 50. e5 (50. a4 f3 51. Ke3 Kg4 52. Kf2 Kf4 $19) 50... Kf5 51. e6
Kxe6 52. Ke4 Kd6 53. Kxf4 Kc5 $19) 44. Kf2 Kg7 $1 $19 {Black's K avoids a
perpetual and his material advantage decides.} 45. Qd7+ (45. Qf5 Qh2+ 46. Kf3
Qf4+ $19) 45... Kxg6 46. Qe8+ Kg5 47. Qg8+ Kf4 48. Qg3+ Kxe4 49. Qg6+ Kd5 (
49... f5 $4 50. Qc6+ $18) 50. Qf7+ Kc5 51. Qxf6 (51. Qe7+ Kb5 52. Qxf6 (52.
Qd7+ Kb4 53. Qa4+ Kc3 $19) (52. a4+ Ka5 $19) 52... Qh2+ (52... Qe4 $5 $19 {
[%cal Rd4d3] /\d3}) 53. Ke1 Qg1+ $19) 51... Qh2+ 52. Ke1 (52. Kf3 e4+ $1 53.
Kxe4 Qe2+ $19) 52... Qg1+ 53. Kd2 Qe3+ 54. Kd1 d3 55. b4+ Kxb4 56. a3+ (56.
Qd6+ Qc5 57. Qxd3 Qd4 $19) 56... Ka5 0-1

[Event "Rimavska Sobota"]
[Site "Rimavska Sobota"]
[Date "1991.??.??"]
[Round "8"]
[White "Fominyh, Alexander"]
[Black "Csom, Istvan"]
[Result "1-0"]
[WhiteElo "2535"]
[BlackElo "2480"]
[Annotator "Stohl,I"]
[PlyCount "49"]
[EventDate "1991.05.??"]
[EventType "tourn"]
[EventRounds "13"]
[EventCountry "CSR"]
[EventCategory "9"]
[SourceTitle "CBM 024"]
[Source "ChessBase"]
[SourceDate "1991.10.01"]
[SourceVersion "1"]
[SourceVersionDate "1991.10.01"]
[SourceQuality "1"]

1. c4 Nf6 2. Nf3 e6 3. g3 b6 4. Bg2 Bb7 5. O-O c5 6. Nc3 Be7 7. d4 cxd4 8. Qxd4
d6 9. Bg5 (9. b3 Nbd7 10. Nb5 Nc5 11. Rd1 d5 12. cxd5 exd5 $5 13. Bh3 O-O $132)
9... a6 (9... O-O 10. Rfd1 Nbd7 11. Nb5 d5 12. cxd5 Bxd5 13. Nc3 Bc6 14. Qc4 $1
Qc8 15. e4 h6 {Kortschnoi,V-Ftacnik,L,Biel 1984} 16. Bf4 $1 $36 {Ftacnik}) 10.
Bxf6 Bxf6 11. Qf4 (11. Qd3 Ra7 (11... Qc7 $5 12. Rad1 Be7) (11... O-O $6 12.
Rad1 Be7 13. Ng5 Bxg5 14. Bxb7 Ra7 15. Be4 f5 16. Bg2 Be7 17. e4 f4 18. gxf4
Rxf4 19. e5 $16 {Krasenkov,M-Varga,Z,Lillafured 1989-TD89_11}) 12. Rfd1 Bxf3 (
12... Be7 $142 $5 13. Ne4 Bxe4 14. Qxe4 O-O $14) 13. exf3 $5 Rd7 14. f4 O-O 15.
Rac1 g6 16. h4 Qc7 17. b3 Rc8 18. Ne4 Bg7 19. Qe3 Qd8 20. Ng5 $36 {Serper,
G-Chuchelov,A,Leningrad chT 1989-TD89_09}) 11... Bxf3 (11... O-O 12. Rfd1 Be7
13. Ne4 Bxe4 14. Qxe4 Ra7 15. Nd4 $14) 12. exf3 $5 (12. Qxf3 Ra7 13. Rfd1 O-O
14. Rac1 Rd7 (14... Rc7 $5 $132) 15. Qe3 Qc7 16. Na4 Rdd8 17. Qxb6 Qxb6 18.
Nxb6 Bxb2 19. Rb1 Be5 20. e3 $14 {_|_ Andersson,U-Portisch,L,Reggio 1989})
12... Ra7 13. Rfd1 Be7 (13... Be5 14. Qe3 $36 {/\f4}) (13... Rd7 $5 14. Qe3 O-O
$132) 14. Qd4 O-O 15. f4 $14 {><d6,()} g6 (15... Nd7 16. f5 $1 exf5 17. Nd5 $36
) 16. h4 Nd7 17. Rac1 (17. Ne4 $6 Nc5 $10) 17... Qb8 $6 (17... h5 18. Ne4 (18.
Bf3 $5 $14 {/\f5}) 18... Nc5 19. Ng5 $14) 18. Ne4 Rd8 (18... Nc5 19. Nf6+ Bxf6
20. Qxf6 $16) 19. h5 $1 $40 Rc7 (19... e5 20. Qe3 $16) 20. b3 {|^/^a1-h8} b5 $6
(20... f5 $142 21. Nc3 $16 {><e6,b6,d6} (21. h6 Bf8 22. Nf6+ Nxf6 23. Qxf6 Re8
$10) (21. Nxd6 $2 Nc5 22. h6 Bf8 $1 (22... Bxd6 23. b4 Na4 24. c5 $14) 23. Qe5
Rcd7 $19)) 21. h6 Bf8 22. c5 $1 d5 $8 (22... dxc5 23. Nf6+ Kh8 24. Qb2 $18) (
22... Bxh6 23. cxd6 Rxc1 24. Rxc1 e5 25. Qd5 exf4 26. Rc7 $18 {/\Nf6}) (22...
e5 23. fxe5 dxe5 24. Qd2 {/\c6,Nf6+-}) 23. c6 Qb6 $2 (23... dxe4 $8 24. cxd7
Rcxd7 (24... Rxc1 25. Rxc1 Qd6 26. Qxd6 Bxd6 27. Rc8 Be7 28. Bxe4 f5 29. Bc6
$18) 25. Qxd7 Rxd7 26. Rxd7 Bxh6 27. Rcc7 e3 $5 28. fxe3 Qb6 $16) 24. Nf6+ Kh8
25. Qb2 {Stohl,I} (25. Qb2 Nxf6 26. Qxf6+ Kg8 27. Qxd8 $18) 1-0

[Event "Dresden zt 1.2"]
[Site "Dresden"]
[Date "1998.05.01"]
[Round "4"]
[White "Smirin, Ilia"]
[Black "Alterman, Boris"]
[Result "1-0"]
[WhiteElo "2590"]
[BlackElo "2615"]
[Annotator "Stohl,I"]
[PlyCount "97"]
[EventDate "1998.04.28"]
[EventType "swiss"]
[EventRounds "11"]
[EventCountry "GER"]
[SourceTitle "CBM 065"]
[Source "ChessBase"]
[SourceDate "1998.08.06"]
[SourceVersion "1"]
[SourceVersionDate "1998.08.06"]
[SourceQuality "1"]

1. Nf3 Nf6 2. c4 c5 3. g3 d5 4. cxd5 Nxd5 5. Bg2 Nc6 6. d4 {This move leads to
quick simplification and the arising positions give White only a slight
advantage at the very most.} ({But after} 6. O-O e5 {[%csl Gc5,Gd5,Ge5]
Black's task in a Maroczy position with opposite colours is even easier. He is
well developed, controls the [+] and has no problems with equality, e.g.} 7. d3
Be7 8. Nc3 Be6 9. Bd2 O-O 10. Nxd5 Bxd5 11. Bc3 Qd7 12. a4 f6 13. Nd2 Kh8 14.
Bxd5 Qxd5 15. Qb3 Rfd8 16. Qxd5 Rxd5 17. Nc4 b6 18. Rfd1 Kg8 19. Kf1 Rad8 20.
Ne3 R5d7 21. Ke1 Kf7 22. Nc4 Ke6 $11 {Laufer,T-Nezar,M/Metz op/1998/}) 6...
cxd4 {The simplest and most common. More complicated alternatives are} (6...
Nf6) (6... Bf5 $5) 7. Nxd4 Ndb4 8. Nxc6 Qxd1+ 9. Kxd1 Nxc6 10. Nc3 {[%cal
Gh1a8] This attempt has become more popular recently thanks to Andersson.
White doesn't hurry to exchange his strong Bg2 and relies on a slight @ and
the /^ h1-a8. The older attempt has a very drawish reputation.} (10. Bxc6+ bxc6
11. Be3 e5 12. Kd2 (12. Nd2 Be6 13. Kc2 Bb4 14. Rhd1 a5 15. a3 Be7 16. b3 O-O
17. Rdc1 Rab8 18. Kb2 Bf6 19. Kc2 Rfd8 20. f3 e4 21. Rab1 exf3 22. exf3 Bf5+
23. Ne4 Re8 24. Kd3 Rbd8+ 25. Ke2 Bxe4 26. fxe4 Rxe4 27. Kf3 Re6 $17 {Ftacnik,
L-Farago,I/Hastings/1982/}) 12... Rb8 13. b3 Bb4+ 14. Kc2 a5 15. Nc3 Ba6 16.
Bd2 O-O 17. Rhd1 f6 18. a3 Be7 19. Be3 Rb7 20. f3 Rfb8 21. Rdb1 Kf7 22. b4 Ke6
23. Bc5 Bxc5 24. bxc5 Rxb1 25. Rxb1 Rxb1 26. Kxb1 f5 27. Kc2 Bc4 28. Kd2 g5 29.
e3 h6 30. f4 g4 31. Ke1 {1/2,Groenn,A-Rytshagov,M/Cappelle la Grande op/1997/})
10... Bd7 (10... Bf5 $5 11. Be3 g6 12. Bxc6+ bxc6 13. Rc1 Bg7 14. f3 O-O 15.
Ke1 Rfb8 16. b3 Bxc3+ 17. Rxc3 Bb1 {1/2,Ree,H-Miles,A/Wijk aan Zee/1978/}) 11.
Be3 g6 ({Another playable move is} 11... e5 12. Rc1 O-O-O 13. Kc2 Bf5+ 14. Kb3
$5 (14. Be4 Bxe4+ 15. Nxe4 Be7 16. Rhd1 Rxd1 17. Rxd1 Rd8 18. Rxd8+ Kxd8 19.
Kb3 Kd7 20. Kc4 Ke6 21. f3 f5 22. Nc3 a6 23. Bb6 Nb8 24. a4 Nd7 25. Nd5 g6 26.
e4 Nf6 27. Nxf6 Bxf6 28. b4 h5 $11 {Andersson,U-De La Villa/Szirak izt/1987/})
14... Be6+ 15. Ka4 Nd4 16. Nb5+ Kb8 17. Rc7 Rd7 18. Bxd4 exd4 19. Rhc1 Be7 20.
Rxb7+ Rxb7 21. Bxb7 Kxb7 22. Rc7+ Kb6 23. Rxe7 Rd8 24. Na3 d3 25. exd3 Rxd3 $44
{Speelman,J-Alburt,L/London m/1986/}) (11... O-O-O $5 12. Kc1 g6 13. Rd1 Bg7
14. Bxc6 Bxc6 15. Bxa7 Bxc3 16. bxc3 Rxd1+ 17. Kxd1 Rd8+ 18. Ke1 Rd5 $44 {
1/2,Milos,G-Morovic Fernandez,I/Santiago/1989/}) (11... Rd8 12. Ke1 g6 13. Rc1
Bg7 14. f4 O-O 15. Kf2 e5 16. Rhd1 exf4 17. gxf4 Rfe8 18. Ne4 Bg4 19. Rd6 Rxd6
20. Nxd6 Re7 21. h3 Be6 22. b3 Bb2 23. Rd1 Rd7 24. Rb1 Bf6 25. Nxb7 $14 {
Tkachiev,V-Fominyh,A/WCh Groningen /1997/}) 12. Rc1 {White sees f2 as a likely
place for his K.} ({Miles's risky K march didn't find any avid followers,
although it brought him success.} 12. Kc2 Bf5+ 13. Kb3 $5 Rc8 14. Bxc6+ Rxc6
15. Bxa7 Be6+ 16. Kb4 Bg7 17. Rac1 Rc4+ 18. Kb5 O-O 19. Rhd1 Rc6 20. Bc5 Rfc8
$44 {Miles,A-Alburt,L/Long Beach ch-US/1989/}) 12... Bg7 13. f4 O-O 14. Ke1
Rac8 ({Black should be careful with the timing of this committal move, which
weakens both d5 and d6.} 14... e5 $143 $6 {[%csl Rd5,Rd6]} 15. Kf2 exf4 16.
gxf4 Be6 17. b3 Rad8 18. Ne4 Bd4 19. Nc5 Bxe3+ 20. Kxe3 Rfe8 21. Kf2 Nb4 22. a3
Nd5 23. Nxe6 fxe6 24. e3 Re7 25. Rhd1 Red7 26. Rd4 Kf7 27. Bf3 b6 28. Bxd5 exd5
29. h4 Rd6 30. Kf3 Kf6 31. b4 $14 {Andersson,U-Leko,P/Ter Apel/1996/ In this
game Andersson demonstrated really high-class technique to win a marginally
better R_|_.}) 15. Kf2 e5 $6 {Also now this impatient move causes Black
problems, as White shows in a model way.} (15... Be6 $142 16. Rhd1 Rfe8 17. Nd5
Bf5 $1 18. Rc5 e6 19. Nc3 e5 $5 20. Bxc6 exf4 21. gxf4 $13 {1/2,Andersson,
U-Farago,I/Rome/1986/}) (15... Rfd8 16. Rhd1 Be8 17. Bxc6 $5 Bxc6 18. Bxa7 Rxd1
19. Rxd1 Bxc3 20. bxc3 Ra8 21. Bc5 $14) 16. Rhd1 Be6 (16... Rfd8 17. Nb5 exf4
18. gxf4 Bxb2 19. Rb1 {[%cal Rb5d6] /\Nd6|^}) 17. Nb5 $1 $36 Bxa2 (17... exf4
18. gxf4 Bxb2 19. Rb1 Bf6 20. Nd6 Rb8 (20... Bxa2 $2 21. Rxb7 Rfd8 22. Rd3 $1
$16 (22. Nxc8 $2 Bh4+ $1)) 21. Rxb7 Rxb7 22. Nxb7 Nb8 $142 $5 (22... Nd8 23.
Bc5 Re8 24. Nd6 Re7 25. Nb5 $1 Rd7 (25... Re8 26. Nc7 $18) 26. Rxd7 Bxd7 27.
Nxa7 Ne6 28. Be3 $16 {[%csl Ga2] o^a}) 23. Bd5 (23. Bc5 Rc8 $132) (23. Bxa7
Bxa2 $11) 23... Bxd5 24. Rxd5 Nc6 25. Rd6 Bh4+ 26. Kf3 Rc8 $14) 18. Bc5 Rfd8 $8
19. Bxc6 $1 {Black probably underestimated this surprising exchange.} (19. Nd6
$143 $6 Rc7 20. Nxb7 Rxd1 21. Rxd1 h5 $11) 19... bxc6 (19... Rxd1 20. Rxd1 bxc6
21. Nxa7 Ra8 22. b4 {-19...bc6}) 20. Nxa7 Rxd1 21. Rxd1 Ra8 22. b4 $1 exf4 23.
gxf4 $16 {[%csl Rc6] ><c6 Even Black's ^^ doesn't help him too much, as his
Pc6 is very weak. As even the tactics work for White, his _|_ advantage is
beyond doubt and Smirin converts it convincingly.} Bb3 (23... Bd5 24. b5 Bb3
25. Rd3 Bc4 26. bxc6 $1 (26. b6 $5 Bxd3 27. exd3 Bf8 28. d4 {[%cal Ra7c6,Rf2f3,
Rb6b7] /\Kf3,Nc6,b7+-}) 26... Bxd3 27. exd3 Bf8 $8 28. Bxf8 Rxa7 (28... Kxf8 $2
29. c7) 29. Bd6 f5 (29... Ra6 30. c7 Rc6 31. Ke3 f5 32. Kd4 Kf7 33. Kd5 Rc3 34.
Bc5 $19) 30. c7 Ra2+ 31. Ke3 Rc2 32. Kd4 $18 {[%cal Rd6c5] /\Bc5}) (23... Bf8
24. Nxc6 Rc8 25. Rd8 $5 $16 (25. Ne7+ $16)) 24. Rd7 (24. Rd3 $6 Bc2 25. Rd7 Be4
$14) 24... Bd5 25. Rc7 (25. b5 $2 Be6 $11 26. bxc6 $2 Bxd7 27. cxd7 Rd8 $19)
25... Bh6 (25... Bf8 $5) 26. e3 Bf8 27. Nxc6 Bxc5 28. bxc5 Ra2+ 29. Kg3 Be4 $6
(29... Bxc6 $142 30. Rxc6 Rc2 $16) 30. Nd4 {[%csl Gc5] o^c The passed pawn is
very strong and will cost Black material.} Rg2+ 31. Kh3 Rg1 32. Re7 Bg2+ 33.
Kg3 (33. Kh4 $5 Rc1 34. c6 $18) 33... Bd5+ 34. Kf2 Rc1 (34... Rg2+ 35. Ke1 Rxh2
36. c6 Rh1+ 37. Kd2 $18) 35. c6 $1 Rxc6 (35... Bxc6 36. Rc7 $18) (35... Kf8 36.
Rd7 Be4 37. c7 $18) 36. Nxc6 $18 Bxc6 37. e4 {Via the black squares White
marches his K onto Black's position. The rest is simple straightforward
technique.} Kf8 38. Re5 Kg7 (38... f6 $2 39. Re6) 39. Ke3 Kf6 40. Kd4 Bd7 (
40... h6 41. Ra5 Bd7 42. Ra6+ Kg7 43. Kd5 $18) 41. Ra5 h6 42. Ra6+ Kg7 43. Ke5
Bg4 44. f5 $1 (44. Kd6 $18) 44... g5 (44... gxf5 45. exf5 h5 46. f6+ Kg6 47.
Ra8 $18) 45. Kd6 (45. Ra8 $5 $18) 45... Kf6 46. Ra5 Kg7 (46... h5 47. e5+ Kxf5
48. e6+ Kf6 49. e7 $18) 47. Ke7 h5 48. f6+ Kg6 49. Ra8 1-0